| 000 | 00328nam a2200109Ia 4500 | ||
|---|---|---|---|
| 008 | 200302s9999 xx 000 0 und d | ||
| 100 | _aGabriel Campanario | ||
| 245 | _aThe urban sketching handbook architecture and cityscapes tips and techniques for drawing on location | ||
| 260 | _bQuarry Books | ||
| 260 | _c2014 | ||
| 300 | _a112 | ||
| 999 |
_c6293 _d6293 |
||